Curso de Biología General / (Record no. 10573)

000 -CABECERA
fixed length control field 00891nam a22002177a 4500
003 - IDENTIFICADOR DEL NÚMERO DE CONTROL
control field AR-CdUCM
008 - DATOS DE LONGITUD FIJA--INFORMACIÓN GENERAL
fixed length control field 190401b ||||| |||| 00| 0 spa d
040 ## - FUENTE DE LA CATALOGACIÓN
Agencia/entidad que catalogó originalmente la obra MUNICIPALIDAD PROVINCIAL DEL CUSCO
Entidad que transcribió la catalogación BIBLIOTECA MUNICIPAL DEL CUSCO
082 ## - NÚMERO DE LA CLASIFICACIÓN DECIMAL DEWEY
No. de Clasificación 574.07 /
Notacion interna P42 / 1941
100 ## - ENTRADA PRINCIPAL--NOMBRE DE PERSONA
Nombre Personal Pequeño Sanchez, Laureano
245 ## - MENCIÓN DE TÍTULO
Título Curso de Biología General /
260 ## - PUBLICACIÓN, DISTRIBUCIÓN, ETC.
Lugar de publicación, distribución, etc. Habana :
Nombre de la editorial, distribuidor, etc. Cultural,
Fecha de publicación, distribución, etc. 1941.
300 ## - DESCRIPCIÓN FÍSICA
Nº de Páginas Extensión 251 páginas ;
Otros detalles físicos ilustraciones, figuras,
Dimensiones 23 cm.
505 ## - NOTA DE CONTENIDO CON FORMATO
Nota de contenido formateada Contenido: Generalidades -- Nociones de física biológica -- Nociones de Química biológica -- Seres orgánicos nociones de Citología -- Seres pluricelulares nociones de histología ...
650 ## - PUNTO DE ACCESO ADICIONAL DE MATERIA--TÉRMINO DE MATERIA
Descriptor Biología
9 (RLIN) 881
650 ## - PUNTO DE ACCESO ADICIONAL DE MATERIA--TÉRMINO DE MATERIA
Descriptor Seres vivos
9 (RLIN) 19244
650 ## - PUNTO DE ACCESO ADICIONAL DE MATERIA--TÉRMINO DE MATERIA
Descriptor Reproducción, Sexualidad y herencia
9 (RLIN) 27523
700 ## - PUNTO DE ACCESO ADICIONAL--NOMBRE DE PERSONA
Nombre Personal Sobrino Plasencia, Antonio (coautor)
9 (RLIN) 27524
942 ## - ELEMENTOS DE PUNTO DE ACCESO ADICIONAL (KOHA)
Fuente de clasificación
Tipo de item Libros-BMC
945 ## - PROCESAMIENTO DE INFORMACIÓN LOCAL (OCLC)
Catalogador achl
Holdings
Estado de retiro (separado) Fuente de clasificación o esquema de estanterías Estado dañado Ubicación Sala donde se ubica Nombre de la colección Fecha de adquisición o compra Costo, precio normal en soles Signatura topográfica Código de Barras Última vez visto (Koha) Tipo de ítem (Koha)
No     Sala Cusco Antiguo Sala Cusco Antiguo Book Cart 2019-04-01 50.00 574.07 / P42 / 1941 SCA0000811 2019-04-01 Libros-BMC

Powered by Koha